000 00881nam2a22002531 4500
001 rc\3738453
005 20130115154325.1
021 _aRU
_b[73-46744]
035 _a(NLR Aleph) 007869269
090 _a7846942
_c7846942
100 _a20130115d1973 |||y0rusy50 ca
101 0 _arus
102 _aRU
105 _ay z |||||
200 0 _a1970-1972 гг.
_f[Сост. Ф.Г. Письменная]
210 _d1973
215 _a21 с.
461 0 _1001rc\3738452
_12001#$aСосудистая патология глаза$eКраткий указ. отеч. и иностр. литературы...$fХарьк. гос. мед. б-ка М-ва здравоохранения УССР$v1970-1972 гг.
702 1 _aПисьменная
_bФ. Г.
_4220
801 0 _aRU
_bNLR
_gpsbo
801 1 _aRU
_bELAR
_2rusmarc
852 _aNLR
_jС291-410/С66
942 _cBOOK
980 _aNB